| 000 | 01319nam a2200265 i 4500 | ||
|---|---|---|---|
| 001 | 98598 | ||
| 003 | ES-MaACL | ||
| 005 | 20250907063057.0 | ||
| 007 | t| | ||
| 008 | 131005s1900 sp |||| | spa d | ||
| 080 | _a342.25 | ||
| 100 | 0 |
_aLópez Muñoz, Antonio, _d1849-1929 _973812 |
|
| 245 | 1 | 0 |
_aDiscurso pronunciado en el Ateneo de Madrid sobre centralización, descentralización y regionalismo / _cpor Don Antonio López Muñoz, en la noche del 16 de marzo de 1900. |
| 260 |
_aMadrid : _b[s.n.], _c1900 ( _fImp. del Asilo de huerfanos del S.C. de Jesús) |
||
| 300 |
_a37 p. ; _c21 cm. |
||
| 500 | _aTercera conferencia de la serie "Centralización, descentralización y regionalismo", tema propuesto por la Junta de Gobierno del Ateneo para una serie de siete conferencias, por los señores Azcárate, Soler, López Muñoz, Sánchez Guerra, Abadal, Canalejas, Moret. | ||
| 530 | _aDisponible en formato digital. | ||
| 610 | 2 | 4 |
_aAteneo de Madrid- _vConferencias- _y1900-1939 _91907 |
| 650 |
_aDescentralización administrativa. _911820 |
||
| 650 | 0 | 4 |
_aRegionalismo. _916746 |
| 852 |
_aES-MaACL _j2197-F-8 _cDEPOF _zRevisado enlace: 24 de Abril de 2025 |
||
| 856 |
_uhttp://bdh-rd.bne.es/viewer.vm?id=0000244475&page=1 _yBiblioteca Digital Hispánica |
||
| 942 | _2udc | ||
| 999 |
_c98598 _d98598 |
||